000 02191nam1a2200385 i 4500
001 RU\NLR\bibl\65963
005 20260406134358.0
035 _a(NLR Aleph) 000064345
090 _a352082
_c352082
100 _a19991227g19989999u y0rusy50 ca
101 0 _arus
102 _aRU
105 _aa |||||||||
200 1 _aМатематика
_eАлгебра. Функции. Анализ данных
_e8 кл.
_f[Г.В. Дорофеев, С.Б. Суворова, Е.А. Бунимович, Л.В. и др.]
_gПод ред. Г.В. Дорофеева
210 _aМ.
_cИОСО РАО
_d1998
215 _d19
463 0 _100164971
606 _aАлгебра
_jРуководства, пособия и т.п. для средней школы
_9922117
_3RU\NLR\auth\6619328
606 _aАлгебра
_jУчебные издания для средней школы
_9922117
_3RU\NLR\auth\6619328
606 _aФункции
_jРуководства, пособия и т.п. для средней школы
_9907725
_3RU\NLR\auth\6611241
606 _aФункции
_jУчебные издания для средней школы
_9907725
_3RU\NLR\auth\6611241
606 _aАнализ данных
_jУчебные издания для средней школы
_xМатематические методы
_92122399
_3RU\NLR\auth\661281462
606 _aЭксперимент
_jРуководства, пособия и т.п. для средней школы
_xОбработка данных
_91721905
_3RU\NLR\auth\66768457
686 _aВ192.11я721-1
686 _aВ151я721-1
686 _aВ161.13я721-1
701 1 _4570
_8rus
_7ca
_aДорофеев
_bГ. В.
_f1938-2008
_gГеоргий Владимирович
_3RU\NLR\AUTH\772205
_9112221
701 1 _4070
_8rus
_7ca
_aСуворова
_bС.Б.
_cматематик
_gСветлана Борисовна
_3RU\NLR\AUTH\7726293
_99336
701 1 _4070
_7ca
_8rus
_aБунимович
_bЕ. А.
_f1954-
_gЕвгений Абрамович
_9268930
_3RU\NLR\AUTH\770268986
801 0 _aRU
_bNLR
_c19991227
_gPSBO
801 1 _aRU
_bNLR
_c19991227
852 _aNLR
_j99-3/16600
942 _cBOOK